| 000 | 00000nam 2200000zi 4500 |
| 001 | 9.929107 |
| 003 | CaOODSP |
| 005 | 20240223101634 |
| 006 | m o d f |
| 007 | cr |n||||||||| |
| 008 | 231019s2023 onc o f|0| 0 rus d |
| 040 | |aCaOODSP|beng|erda|cCaOODSP |
| 043 | |an-cn--- |
| 086 | 1 |aRv4-171/2023Rus-PDF |
| 245 | 00|a[New to Canada? : |bthe CRA can help.] |
| 250 | |a[Russian edition]. |
| 264 | 1|a[Ottawa] : |bCanada Revenue Agency = Agence du revenue du Canada, |c[2023] |
| 300 | |a1 online resource (2 unnumbered pages) : |bcolour illustrations |
| 336 | |atext|btxt|2rdacontent |
| 337 | |acomputer|bc|2rdamedia |
| 338 | |aonline resource|bcr|2rdacarrier |
| 500 | |aEnglish title supplied by the publisher. |
| 500 | |a"RC629-211 (RU) Rev. 23." |
| 610 | 20|aCanada Revenue Agency|xCustomer services. |
| 650 | 0|aImmigrants|xTaxation|zCanada. |
| 650 | 0|aImmigrants|xServices for|zCanada. |
| 650 | 0|aFamily allowances|zCanada. |
| 650 | 0|aTax credits|zCanada. |
| 650 | 0|aTax returns|zCanada. |
| 710 | 2 |aCanada Revenue Agency, |eissuing body. |
| 775 | 08|tNew to Canada? : |w(CaOODSP)9.924755 |
| 794 | |t[New to Canada? : |b2024|w(CaOODSP)9.930415 |
| 856 | 40|qPDF|s202 KB|uhttps://publications.gc.ca/collections/collection_2023/arc-cra/Rv4-171-2023-rus.pdf |